Necrología de Monseñor José Ignacio Víctor Eyzaguirre, protonotario Apostólico y Prelado Doméstico de Su Santidad

Salvato in:
Dettagli Bibliografici
Autore principale: Merino, Manuel M. (autor)
Natura: Libro
Lingua:spagnolo
Pubblicazione: Roma Imprenta Políglota 1875
Edizione:1a. ed
Soggetti:
Tags: Aggiungi Tag
Nessun Tag, puoi essere il primo ad aggiungerne!!

MARC

LEADER 00000nam a2200000 a 4500
001 UCJ4208
003 CL-VaPUC
008 070124e18751204IT |||||||||||||||||spa|d
082 0 4 |a 922  |b EYZ  |2 21 
100 |a Merino, Manuel M.  |e autor  |9 507417 
245 1 0 |a Necrología de Monseñor José Ignacio Víctor Eyzaguirre, protonotario Apostólico y Prelado Doméstico de Su Santidad 
250 |a 1a. ed 
300 |a 16 p 
942 |c BK 
945 |d 20070124 00:00:00  |a rinostro 
260 |a Roma  |b Imprenta Políglota  |c 1875 
600 0 7 |a EYZAGUIRRE PORTALES, JOSÉ IGNACIO VICTOR  |2 CL-VaPUC  |9 507418 
650 7 |a BIOGRAFIA  |2 CL-VaPUC  |9 504622 
650 7 |a HOMILIA FUNERAL  |2 CL-VaPUC  |9 507419 
583 |a last modification  |c 20070124 00:00:00  |k Rodrigo Vera 
999 |c 320325  |d 320323 
952 |0 0  |1 0  |4 0  |6 922_000000000000000_EYZ_1875  |7 0  |8 X  |9 398825  |a FDOBUD  |b FDOBUD  |d 2019-11-22  |i 101529K  |o 922 EYZ 1875  |p 101529K  |r 2019-11-22  |w 2019-11-22  |y BK_X  |k BUD